| 000 | 00488nam a22001577a 4500 | ||
|---|---|---|---|
| 003 | macl | ||
| 005 | 20180403121823.0 | ||
| 008 | 180403b xxu||||| |||| 00| 0 eng d | ||
| 040 | _cmacl | ||
| 082 | _a891.433/SIN/S | ||
| 100 |
_aदूधनाथ सिंह _943592 |
||
| 245 | _aजलमुर्गियों का शिकार | ||
| 260 |
_aदिल्ली _bराजकमल प्रकाशन _c2015 |
||
| 650 |
_aकहानी _971620 |
||
| 942 |
_2ddc _cHIN |
||
| 999 |
_c57422 _d57422 |
||